3-Word Disney Film Hints - Statistics

General Stats
  • This quiz has been taken 42 times
  • The average score is 13 of 15
Answer Stats
Hint Answer % Correct
Carpet, Monkey, Sultan Aladdin
97%
Sisters, Ice, Journey Frozen
97%
Neverland, Fairy, Green Peter Pan
97%
Puppies, Coat, Evil 101 Dalmatians
95%
Mice, Dress, Ball Cinderella
95%
Hair, Kidnapped, Lanterns Tangled
92%
Fawn, Lost, Friends Bambi
84%
626, Elvis, Hawaii Lilo & Stitch
84%
Science, Friends, Baymax Big Hero 6
81%
Pride, Circle, Hamlet The Lion King
81%
Curse, Furniture, France Beauty and the Beast
78%
India, Boy, Bear The Jungle Book
78%
Fox, Money, Bow Robin Hood
73%
Tail, Voice, Legs The Little Mermaid
70%
Matchmaker, Soldier, Secret Mulan
68%
No matching quizzes found
Score Distribution
Percent of People with Each Score
Percentile by Number Answered
Your Score History
You have not taken this quiz